Normal view
MARC view
- Singh S
Entry Personal Name
001 - CONTROL NUMBER
- control field: 108700
003 - CONTROL NUMBER IDENTIFIER
- control field: OSt
005 - DATE AND TIME OF LATEST TRANSACTION
- control field: 20230125043343.0
008 - FIXED-LENGTH DATA ELEMENTS
- fixed length control field: 230125|| aca||aabn | a|a d
040 ## - CATALOGING SOURCE
- Original cataloging agency: OSt
- Transcribing agency: OSt
100 ## - HEADING--PERSONAL NAME
- Personal name: Singh S
670 ## - SOURCE DATA FOUND
- Source citation: Work cat.: (OSt)85472: Singh S, Corporate Governance , 2005